书目信息 |
| 题名: |
爱是光着脚的哲学
|
|
| 作者: | 奥·康纳 著 ;练培冬 译 | |
| 分册: | ||
| 出版信息: | 桂林 广西师范大学出版社 2014 |
|
| 页数: | 290页 | |
| 开本: | 21cm | |
| 丛书名: | ||
| 单 册: | ||
| 中图分类: | C913.1 | |
| 科图分类: | ||
| 主题词: | 爱情--ai qing--研究 | |
| 电子资源: | ||
| ISBN: | 978-7-5495-5588-8 | |
| 000 | 01086nam0 22002531 450 | |
| 001 | 1754529152 | |
| 005 | 20170516112211.0 | |
| 010 | @a978-7-5495-5588-8@b软精装@dCNY39.00 | |
| 100 | @a20140909d2014 em y0chiy50 ea | |
| 101 | 1 | @achi@ceng |
| 102 | @aCN@b450000 | |
| 105 | @aa z 000yy | |
| 106 | @ar | |
| 200 | 1 | @a爱是光着脚的哲学@9ai shi guang zhao jiao de zhe xue@e古代智慧与现代爱情@f(美)大卫·奥·康纳著@g练培冬译 |
| 210 | @a桂林@c广西师范大学出版社@d2014 | |
| 215 | @a290页@c照片,图@d21cm | |
| 330 | @a本书将古希腊神话天真烂漫的想象力、古代哲人对爱情永不停歇的诚挚思考揉进现代人对爱情的想象之中,剑走偏锋地用经典哲学品析当下耳熟能详的电影、小说、戏剧,分析剧中的人物心理与恋爱关系,对于古希腊哲学思想如何丝丝入扣地影响了现代爱情世界,提出了一些非常独到的恋爱观。 | |
| 517 | 1 | @a古代智慧与现代爱情@9gu dai zhi hui yu xian dai ai qing |
| 606 | 0 | @a爱情@9ai qing@x研究 |
| 690 | @aC913.1@v5 | |
| 701 | 0 | @c(美)@a奥·康纳@9ao kang na@c(O'Conner, David)@4著 |
| 702 | 0 | @a练培冬@9lian pei dong@4译 |
| 801 | 0 | @aCN@b百万庄@c20170513 |
| 905 | @b1006152-7@dC913.1@e1011@f6 | |
| 爱是光着脚的哲学:古代智慧与现代爱情/(美)大卫·奥·康纳著/练培冬译.-桂林:广西师范大学出版社,2014 |
| 290页:照片,图;21cm |
| ISBN 978-7-5495-5588-8(软精装):CNY39.00 |
| 本书将古希腊神话天真烂漫的想象力、古代哲人对爱情永不停歇的诚挚思考揉进现代人对爱情的想象之中,剑走偏锋地用经典哲学品析当下耳熟能详的电影、小说、戏剧,分析剧中的人物心理与恋爱关系,对于古希腊哲学思想如何丝丝入扣地影响了现代爱情世界,提出了一些非常独到的恋爱观。 |
| ● |
| 相关链接 |
|
|
|
|
正题名:爱是光着脚的哲学
索取号:C913.1/1011
 
预约/预借
| 序号 | 登录号 | 条形码 | 馆藏地/架位号 | 状态 | 备注 |
| 1 | 1006152 | 210061528 | 第一样本阅览室/ [索取号:C913.1/1011] | 在馆 | |
| 2 | 1006153 | 210061537 | 教育系资料室/ [索取号:C913.1/1011] | 在馆 | |
| 3 | 1006154 | 210061546 | 教育系资料室/ [索取号:C913.1/1011] | 在馆 | |
| 4 | 1006155 | 210061555 | 教育系资料室/ [索取号:C913.1/1011] | 在馆 | |
| 5 | 1006156 | 210061564 | 第一借阅区/ [索取号:C913.1/1011] | 在馆 | |
| 6 | 1006157 | 210061573 | 第一借阅区/ [索取号:C913.1/1011] | 在馆 |